=LDR 00000nam 2200000 4500 =001 INLIS000000000015616 =005 20130612110906 =008 ***********************************Indo** =035 ##$$0010-061300000015616 =041 ##$$a Indo =082 ##$$a 028.5 =090 ##$$a 028.5, Pra p =100 ##$$a Prayitno =245 ##$$a Pengalamanku (Kisah Seekor Ikan Emas) 2 kitab Bacaan Sekolah Dasar Penunjang Pelayanan IPS untuk Kelas 3 dan 4, Drs.Prayitno =260 ##$$a 1979 $b Jakarta =300 ##$$a 64 hlm, ilus, 20 cm =650 ##$$a Bacaan Kanak-Kanak-Indonesia =850 ##$$a NBPNMAT